Entry Personal Name
Number of records used in: 5
001 - CONTROL NUMBER
003 - CONTROL NUMBER IDENTIFIER
005 - DATE AND TIME OF LATEST TRANSACTION
- control field:
20220723125648.0
008 - FIXED-LENGTH DATA ELEMENTS
- fixed length control field:
800515n| azannaabn |b aaa
010 ## - LIBRARY OF CONGRESS CONTROL NUMBER
- LC control number:
n 50023807
035 ## - SYSTEM CONTROL NUMBER
- System control number:
(OCoLC)oca00059217
040 ## - CATALOGING SOURCE
- Original cataloging agency:
DLC
- Language of cataloging:
eng
- Description conventions:
rda
- Transcribing agency:
DLC
- Modifying agency:
DLC
- Modifying agency:
OCoLC
- Modifying agency:
DLC
- Modifying agency:
GVaS
- Modifying agency:
HU
046 ## - SPECIAL CODED DATES
- Birth date:
1927-10-20
- Death date:
2003-09-18
- Source of date scheme:
edtf
100 1# - HEADING--PERSONAL NAME
- Personal name:
Bartle, Robert G.,
- Dates associated with a name:
1927-2003
370 ## - ASSOCIATED PLACE
- Associated country:
United States
- Other associated place:
Champaign (Ill.)
- Source of term:
naf
372 ## - FIELD OF ACTIVITY
- Field of activity:
Education, Higher
- Field of activity:
Mathematics
- Source of term:
lcsh
373 ## - ASSOCIATED GROUP
- Associated group:
University of Illinois at Urbana-Champaign
- Source of term:
naf
374 ## - OCCUPATION
- Occupation:
College teachers
- Occupation:
Mathematicians
- Occupation:
Authors
- Source of term:
lcsh
375 ## - GENDER
- Gender:
Males
- Source of term:
lcdgt
377 ## - ASSOCIATED LANGUAGE
378 ## - FULLER FORM OF PERSONAL NAME
- Fuller form of personal name:
Robert Gardner
400 1# - SEE FROM TRACING--PERSONAL NAME
- Personal name:
Bartle, R. G.
- Fuller form of name:
(Robert Gardner),
- Dates associated with a name:
1927-
400 1# - SEE FROM TRACING--PERSONAL NAME
- Personal name:
Bartle, Robert G.
- Fuller form of name:
(Robert Gardner),
- Dates associated with a name:
1927-
400 1# - SEE FROM TRACING--PERSONAL NAME
- Control subfield:
nnea
- Personal name:
Bartle, Robert Gardner,
- Dates associated with a name:
1927-
400 1# - SEE FROM TRACING--PERSONAL NAME
- Personal name:
بارتل، روبرت جاردنر
510 2# - SEE ALSO FROM TRACING--CORPORATE NAME
- Control subfield:
r
- Relationship information:
Employer:
- Corporate name or jurisdiction name as entry element:
University of Illinois at Urbana-Champaign
670 ## - SOURCE DATA FOUND
- Source citation:
His Singular points of functional equations, 1951.
670 ## - SOURCE DATA FOUND
- Source citation:
His Introduction to real analysis, c1982:
- Information found:
t.p. (Robert G. Bartle)
670 ## - SOURCE DATA FOUND
- Source citation:
Studies in functional analysis, c1980:
- Information found:
t.p. (R. G. Bartle)
670 ## - SOURCE DATA FOUND
- Source citation:
A modern theory of integration, c2001:
- Information found:
CIP t.p. (Robert G. Bartle) data sht. (b. Nov. 20, 1927)
670 ## - SOURCE DATA FOUND
- Source citation:
Ancestrylibrary.com, viewed July 18, 2019
- Information found:
(Birth Date: 20 Nov 1927. Death Date:18 Sep 2003. Address: Champaign, Illinois) U.S., Find A Grave Index, 1600s-Current.
670 ## - SOURCE DATA FOUND
- Source citation:
Introduction to real analysis, 2011:
- Information found:
title page (Robert G. Bartle; University of Illinois, Urbana-Champaign)
670 ## - SOURCE DATA FOUND
- Source citation:
Information from 678 field, converted Aug. 30, 2019
- Information found:
(Ph.D.)